[Event "Stay Safe Play From Home 263"]
[Site "Emanuel Lasker Arena"]
[Date "2020.06.29"]
[Round "2"]
[White "Jhhonnyy"]
[Black "Uber_WING"]
[Result "0-1"]
[WhiteElo "2389"]
[BlackElo "2483"]
[PlyCount "60"]
[EventDate "2020.06.29"]
[EventType "swiss (blitz)"]

1. d4 {[%emt 0:00:00]} Nf6 {[%emt 0:00:01]} 2. c4 {[%emt 0:00:00]} c5 {[%emt 0:00:00]} 3. d5 {[%emt 0:00:01]} e5 {[%emt 0:00:01]} 4. Nc3 {[%emt 0:00:01]} d6 {[%emt 0:00:00]} 5. e4 {[%emt 0:00:01]} Be7 {[%emt 0:00:00]} 6. Nge2 {[%emt 0:00:00]} O-O {[%emt 0:00:01]} 7. g3 {[%emt 0:00:00]} Ne8 {[%emt 0:00:01]} 8. Bg2 {[%emt 0:00:01]} g6 {[%emt 0:00:00]} 9. h4 {[%emt 0:00:01]} h5 {[%emt 0:00:01]} 10. Be3 {[%emt 0:00:02]} Ng7 {[%emt 0:00:00]} 11. Qd2 {[%emt 0:00:01]} f5 {[%emt 0:00:00]} 12. Bg5 {[%emt 0:00:01]} f4 {[%emt 0:00:04]} 13. gxf4 {[%emt 0:00:01]} Bxg5 {[%emt 0:00:01]} 14. fxg5 {[%emt 0:00:02]} Bg4 {[%emt 0:00:01]} 15. O-O-O {[%emt 0:00:02]} Rxf2 {[%emt 0:00:02]} 16. Qe3 {[%emt 0:00:01]} Rxg2 {[%emt 0:00:01]} 17. Rhg1 {[%emt 0:00:01]} Rxg1 {[%emt 0:00:01]} 18. Rxg1 {[%emt 0:00:00]} Nd7 {[%emt 0:00:01]} 19. Ng3 {[%emt 0:00:02]} Qe7 {[%emt 0:00:01]} 20. Nd1 {[%emt 0:00:00]} Rf8 {[%emt 0:00:01]} 21. Nf2 {[%emt 0:00:00]} Rf3 {[%emt 0:00:01]} 22. Qe1 {[%emt 0:00:00]} Rf4 {[%emt 0:00:02]} 23. Ne2 {[%emt 0:00:02]} Rf8 {[%emt 0:00:04]} 24. Nxg4 {[%emt 0:00:00]} hxg4 {[%emt 0:00:00]} 25. Rxg4 {[%emt 0:00:00]} Nh5 {[%emt 0:00:00]} 26. Ng3 {[%emt 0:00:01]} Rf4 {[%emt 0:00:02]} 27. Qe2 {[%emt 0:00:07]} Rxg4 {[%emt 0:00:01]} 28. Qxg4 {[%emt 0:00:01]} Nxg3 {[%emt 0:00:00]} 29. Qxg3 {[%emt 0:00:00]} Qf7 {[%emt 0:00:00]} 30. Qg4 {[%emt 0:00:01]} Qf4+ {[%emt 0:00:01] Jhhonnyy gibt auf (Lag: Av=0.67s, max=1.0s)} 0-1

[Event "Stay Safe Play From Home 263"]
[Site "Emanuel Lasker Arena"]
[Date "2020.06.29"]
[Round "2"]
[White "BrainThinker22"]
[Black "Mepe_Nika"]
[Result "0-1"]
[WhiteElo "2260"]
[BlackElo "2425"]
[Annotator "NA"]
[PlyCount "112"]
[EventDate "2020.06.29"]
[EventType "swiss (blitz)"]

1. e4 {[%emt 0:00:01]} g6 {[%emt 0:00:01]} 2. Nc3 {[%emt 0:00:01]} Bg7 {[%emt 0:00:00]} 3. g3 {[%emt 0:00:00]} c5 {[%emt 0:00:01]} 4. Bg2 {[%emt 0:00:00]} Nc6 {[%emt 0:00:00]} 5. d3 {[%emt 0:00:00]} Rb8 {[%emt 0:00:01]} 6. Be3 {[%emt 0:00:00]} d6 {[%emt 0:00:00]} 7. Qd2 {[%emt 0:00:00]} b5 {[%emt 0:00:00]} 8. a3 {[%emt 0:00:01]} a5 {[%emt 0:00:01]} 9. Nge2 {[%emt 0:00:01]} b4 {[%emt 0:00:01]} 10. axb4 {[%emt 0:00:00]} axb4 {[%emt 0:00:00]} 11. Nd1 {[%emt 0:00:00]} e6 {[%emt 0:00:01]} 12. O-O {[%emt 0:00:01]} Nge7 {[%emt 0:00:00]} 13. f4 {[%emt 0:00:00]} O-O {[%emt 0:00:01]} 14. e5 {[%emt 0:00:00]} d5 {[%emt 0:00:01]} 15. Bxc5 {[%emt 0:00:01]} Re8 {[%emt 0:00:02]} 16. Bd6 {[%emt 0:00:01]} Rb7 {[%emt 0:00:02]} 17. c3 {[%emt 0:00:00]} bxc3 {[%emt 0:00:01]} 18. bxc3 {[%emt 0:00:00]} Nf5 {[%emt 0:00:01]} 19. Ba3 {[%emt 0:00:04]} h5 {[%emt 0:00:01]} 20. h3 {[%emt 0:00:01]} Bf8 {[%emt 0:00:01]} 21. Bxf8 {[%emt 0:00:02]} Rxf8 {[%emt 0:00:00]} 22. Ne3 {[%emt 0:00:01]} Qb6 {[%emt 0:00:02]} 23. d4 {[%emt 0:00:03]} Qb2 {[%emt 0:00:02]} 24. Qxb2 {[%emt 0:00:02]} Rxb2 {[%emt 0:00:00]} 25. Nxf5 {[%emt 0:00:00]} gxf5 {[%emt 0:00:02]} 26. Rf2 {[%emt 0:00:01]} Bd7 {[%emt 0:00:02]} 27. Nc1 {[%emt 0:00:01]} Rfb8 {[%emt 0:00:01]} 28. Ra2 {[%emt 0:00:03]} Rb1 {[%emt 0:00:01]} 29. Rf1 {[%emt 0:00:00]} Ne7 {[%emt 0:00:02]} 30. Nd3 {[%emt 0:00:02]} Rxf1+ {[%emt 0:00:02]} 31. Bxf1 {[%emt 0:00:00]} Rb1 {[%emt 0:00:01]} 32. Rb2 {[%emt 0:00:02]} Ra1 {[%emt 0:00:01]} 33. Rb7 {[%emt 0:00:01]} h4 {[%emt 0:00:05]} 34. Rxd7 {[%emt 0:00:01]} Ng6 {[%emt 0:00:01]} 35. g4 {[%emt 0:00:03]} fxg4 {[%emt 0:00:02]} 36. hxg4 {[%emt 0:00:00]} h3 {[%emt 0:00:00]} 37. Rd8+ {[%emt 0:00:03]} Kg7 {[%emt 0:00:01]} 38. f5 {[%emt 0:00:01]} exf5 {[%emt 0:00:03]} 39. gxf5 {[%emt 0:00:00]} Nh4 {[%emt 0:00:01]} 40. f6+ {[%emt 0:00:01]} Kg6 {[%emt 0:00:00]} 41. Rg8+ {[%emt 0:00:01]} Kf5 {[%emt 0:00:01]} 42. Kh2 {[%emt 0:00:06]} Rxf1 {[%emt 0:00:02]} 43. Kxh3 {[%emt 0:00:00]} Rh1+ {[%emt 0:00:02]} 44. Kg3 {[%emt 0:00:01]} Rg1+ {[%emt 0:00:00]} 45. Kxh4 {[%emt 0:00:01]} Rxg8 {[%emt 0:00:00]} 46. Nf2 {[%emt 0:00:01]} Kf4 {[%emt 0:00:01]} 47. Kh3 {[%emt 0:00:02]} Kf3 {[%emt 0:00:01]} 48. Kh4 {[%emt 0:00:02]} Kxf2 {[%emt 0:00:02]} 49. e6 {[%emt 0:00:00]} fxe6 {[%emt 0:00:01]} 50. Kh3 {[%emt 0:00:01]} Kf3 {[%emt 0:00:01]} 51. Kh4 {[%emt 0:00:00]} Kf4 {[%emt 0:00:00]} 52. Kh5 {[%emt 0:00:00]} Kf5 {[%emt 0:00:00]} 53. Kh6 {[%emt 0:00:00]} Kxf6 {[%emt 0:00:00]} 54. Kh7 {[%emt 0:00:00]} Rg3 {[%emt 0:00:00]} 55. c4 {[%emt 0:00:02]} dxc4 {[%emt 0:00:01]} 56. d5 {[%emt 0:00:00]} exd5 {[%emt 0:00:00] BrainThinker22 resigns (Lag: Av=0.56s, max=1.0s)} 0-1

[Event "Stay Safe Play From Home 263"]
[Site "Emanuel Lasker Arena"]
[Date "2020.06.29"]
[Round "2"]
[White "SoulofWolf"]
[Black "Klasman"]
[Result "1-0"]
[WhiteElo "2141"]
[BlackElo "1274"]
[Annotator "NA"]
[PlyCount "43"]
[EventDate "2020.06.29"]
[EventType "swiss (blitz)"]

1. d4 {[%emt 0:00:01]} f5 {[%emt 0:00:01]} 2. Nf3 {[%emt 0:00:00]} Nf6 {[%emt 0:00:01]} 3. Bg5 {[%emt 0:00:01]} e6 {[%emt 0:00:01]} 4. Nbd2 {[%emt 0:00:01]} d5 {[%emt 0:00:01]} 5. Ne5 {[%emt 0:00:02]} Nbd7 {[%emt 0:00:02]} 6. Ndf3 {[%emt 0:00:00]} c5 {[%emt 0:00:02]} 7. c3 {[%emt 0:00:01]} cxd4 {[%emt 0:00:03]} 8. cxd4 {[%emt 0:00:00]} Qa5+ {[%emt 0:00:03]} 9. Bd2 {[%emt 0:00:02]} Qb6 {[%emt 0:00:02]} 10. Bc3 {[%emt 0:00:02]} Ne4 {[%emt 0:00:02]} 11. Qc2 {[%emt 0:00:00]} Nxe5 {[%emt 0:00:03]} 12. Nxe5 {[%emt 0:00:01]} Bb4 {[%emt 0:00:06]} 13. O-O-O {[%emt 0:00:12]} Nxc3 {[%emt 0:00:06]} 14. bxc3 {[%emt 0:00:01]} Ba3+ {[%emt 0:00:01]} 15. Kd2 {[%emt 0:00:00]} Bd7 {[%emt 0:00:05]} 16. f3 {[%emt 0:00:01]} Bb5 {[%emt 0:00:04]} 17. e4 {[%emt 0:00:01]} O-O-O {[%emt 0:00:02]} 18. Rb1 {[%emt 0:00:02]} a6 {[%emt 0:00:04]} 19. Nf7 {[%emt 0:00:05]} Bd6 {[%emt 0:00:05]} 20. Nxh8 {[%emt 0:00:01]} Bf4+ {[%emt 0:00:01]} 21. Kd1 {[%emt 0:00:03]} Rxh8 {[%emt 0:00:02]} 22. a4 {[%emt 0:00:00] Time (Lag: Av=0.47s, max=0.7s)} 1-0

[Event "Stay Safe Play From Home 263"]
[Site "Emanuel Lasker Arena"]
[Date "2020.06.29"]
[Round "2"]
[White "Lazieri3"]
[Black "Praveen prasad"]
[Result "1/2-1/2"]
[WhiteElo "2100"]
[BlackElo "2262"]
[PlyCount "137"]
[EventDate "2020.06.29"]
[EventType "swiss (blitz)"]

1. e4 {[%emt 0:00:01]} d5 {[%emt 0:00:00]} 2. Nc3 {[%emt 0:00:00]} dxe4 {[%emt 0:00:01]} 3. Nxe4 {[%emt 0:00:00]} Nf6 {[%emt 0:00:00]} 4. Nxf6+ {[%emt 0:00:01]} exf6 {[%emt 0:00:00]} 5. d4 {[%emt 0:00:00]} Be7 {[%emt 0:00:00]} 6. Nf3 {[%emt 0:00:00]} O-O {[%emt 0:00:00]} 7. Be3 {[%emt 0:00:00]} Bg4 {[%emt 0:00:01]} 8. Be2 {[%emt 0:00:01]} Bf5 {[%emt 0:00:00]} 9. O-O {[%emt 0:00:01]} Bg6 {[%emt 0:00:00]} 10. Bd3 {[%emt 0:00:01]} Bxd3 {[%emt 0:00:02]} 11. Qxd3 {[%emt 0:00:00]} c6 {[%emt 0:00:00]} 12. h3 {[%emt 0:00:01]} Re8 {[%emt 0:00:00]} 13. Rfe1 {[%emt 0:00:01]} Nd7 {[%emt 0:00:00]} 14. c3 {[%emt 0:00:01]} Nf8 {[%emt 0:00:00]} 15. Bf4 {[%emt 0:00:01]} Bd6 {[%emt 0:00:01]} 16. Rxe8 {[%emt 0:00:02]} Qxe8 {[%emt 0:00:01]} 17. Bxd6 {[%emt 0:00:01]} Ng6 {[%emt 0:00:00]} 18. Re1 {[%emt 0:00:02]} Qd7 {[%emt 0:00:01]} 19. Bg3 {[%emt 0:00:01]} Rd8 {[%emt 0:00:01]} 20. Nh4 {[%emt 0:00:01]} Nf8 {[%emt 0:00:01]} 21. Nf5 {[%emt 0:00:01]} g6 {[%emt 0:00:01]} 22. Nh6+ {[%emt 0:00:02]} Kg7 {[%emt 0:00:01]} 23. Ng4 {[%emt 0:00:00]} h5 {[%emt 0:00:01]} 24. Ne3 {[%emt 0:00:01]} Ne6 {[%emt 0:00:02]} 25. Qe2 {[%emt 0:00:03]} b5 {[%emt 0:00:01]} 26. a3 {[%emt 0:00:01]} Kh7 {[%emt 0:00:01]} 27. Qf3 {[%emt 0:00:01]} f5 {[%emt 0:00:01]} 28. Be5 {[%emt 0:00:02]} a5 {[%emt 0:00:01]} 29. Nxf5 {[%emt 0:00:02]} Ng5 {[%emt 0:00:03]} 30. Qf4 {[%emt 0:00:07]} Qxf5 {[%emt 0:00:01]} 31. Qxf5 {[%emt 0:00:01]} gxf5 {[%emt 0:00:00]} 32. Bf6 {[%emt 0:00:00]} Rg8 {[%emt 0:00:00]} 33. Bxg5 {[%emt 0:00:01]} Rxg5 {[%emt 0:00:00]} 34. Re7 {[%emt 0:00:01]} Kg7 {[%emt 0:00:01]} 35. Rc7 {[%emt 0:00:01]} Rg6 {[%emt 0:00:01]} 36. b3 {[%emt 0:00:02]} Re6 {[%emt 0:00:01]} 37. Kf1 {[%emt 0:00:01]} f4 {[%emt 0:00:03]} 38. Ra7 {[%emt 0:00:02]} f3 {[%emt 0:00:06]} 39. gxf3 {[%emt 0:00:00]} Kf6 {[%emt 0:00:01]} 40. Rxa5 {[%emt 0:00:01]} Kf5 {[%emt 0:00:00]} 41. c4 {[%emt 0:00:01]} Kf4 {[%emt 0:00:02]} 42. cxb5 {[%emt 0:00:01]} cxb5 {[%emt 0:00:02]} 43. Rxb5 {[%emt 0:00:01]} Ra6 {[%emt 0:00:03]} 44. a4 {[%emt 0:00:04]} f5 {[%emt 0:00:01]} 45. d5 {[%emt 0:00:02]} Kxf3 {[%emt 0:00:02]} 46. d6 {[%emt 0:00:00]} f4 {[%emt 0:00:02]} 47. Rd5 {[%emt 0:00:01]} Rc6 {[%emt 0:00:01]} 48. Rd3+ {[%emt 0:00:01]} Ke4 {[%emt 0:00:01]} 49. Rd1 {[%emt 0:00:01]} Rc8 {[%emt 0:00:01]} 50. d7 {[%emt 0:00:00]} Rd8 {[%emt 0:00:00]} 51. a5 {[%emt 0:00:00]} Ke5 {[%emt 0:00:01]} 52. a6 {[%emt 0:00:00]} f3 {[%emt 0:00:00]} 53. a7 {[%emt 0:00:01]} Ke6 {[%emt 0:00:00]} 54. a8=Q {[%emt 0:00:01]} Rxa8 {[%emt 0:00:00]} 55. d8=Q {[%emt 0:00:00]} Rxd8 {[%emt 0:00:00]} 56. Rxd8 {[%emt 0:00:00]} Ke7 {[%emt 0:00:00]} 57. Rh8 {[%emt 0:00:00]} Kf6 {[%emt 0:00:00]} 58. Rxh5 {[%emt 0:00:00]} Kg6 {[%emt 0:00:00]} 59. Rc5 {[%emt 0:00:00]} Kf6 {[%emt 0:00:01]} 60. Rc3 {[%emt 0:00:00]} Kf5 {[%emt 0:00:00]} 61. Rxf3+ {[%emt 0:00:00]} Kg5 {[%emt 0:00:00]} 62. Re3 {[%emt 0:00:00]} Kh4 {[%emt 0:00:00]} 63. b4 {[%emt 0:00:00]} Kg5 {[%emt 0:00:00]} 64. b5 {[%emt 0:00:00]} Kh4 {[%emt 0:00:00]} 65. b6 {[%emt 0:00:00]} Kg5 {[%emt 0:00:00]} 66. b7 {[%emt 0:00:00]} Kh4 {[%emt 0:00:00]} 67. b8=Q {[%emt 0:00:00]} Kg5 {[%emt 0:00:00]} 68. Qb5+ {[%emt 0:00:00]} Kh4 {[%emt 0:00:00]} 69. Rc3 {[%emt 0:00:00] (Lag: Av=0.89s, max=5.1s)} 1/2-1/2

[Event "Stay Safe Play From Home 263"]
[Site "Emanuel Lasker Arena"]
[Date "2020.06.29"]
[Round "2"]
[White "Souchov"]
[Black "Weltszmerc"]
[Result "1/2-1/2"]
[WhiteElo "2008"]
[BlackElo "2120"]
[PlyCount "121"]
[EventDate "2020.06.29"]
[EventType "swiss (blitz)"]

1. e4 {[%emt 0:00:04]} Nf6 {[%emt 0:00:00]} 2. e5 {[%emt 0:00:01]} Nd5 {[%emt 0:00:01]} 3. d4 {[%emt 0:00:00]} Nb6 {[%emt 0:00:00]} 4. c4 {[%emt 0:00:00]} d6 {[%emt 0:00:00]} 5. f4 {[%emt 0:00:01]} dxe5 {[%emt 0:00:02]} 6. fxe5 {[%emt 0:00:00]} Bf5 {[%emt 0:00:01]} 7. Be2 {[%emt 0:00:01]} e6 {[%emt 0:00:00]} 8. Nf3 {[%emt 0:00:01]} Be7 {[%emt 0:00:00]} 9. O-O {[%emt 0:00:01]} O-O {[%emt 0:00:00]} 10. Nc3 {[%emt 0:00:01]} f6 {[%emt 0:00:00]} 11. Nh4 {[%emt 0:00:01]} fxe5 {[%emt 0:00:01]} 12. Nxf5 {[%emt 0:00:01]} Rxf5 {[%emt 0:00:02]} 13. Rxf5 {[%emt 0:00:02]} exf5 {[%emt 0:00:00]} 14. d5 {[%emt 0:00:02]} e4 {[%emt 0:00:05]} 15. Be3 {[%emt 0:00:04]} N8d7 {[%emt 0:00:01]} 16. Bd4 {[%emt 0:00:01]} Bc5 {[%emt 0:00:03]} 17. a3 {[%emt 0:00:02]} Bxd4+ {[%emt 0:00:02]} 18. Qxd4 {[%emt 0:00:00]} Qf6 {[%emt 0:00:01]} 19. Qxf6 {[%emt 0:00:01]} Nxf6 {[%emt 0:00:00]} 20. b4 {[%emt 0:00:00]} a6 {[%emt 0:00:01]} 21. Rd1 {[%emt 0:00:01]} Rd8 {[%emt 0:00:02]} 22. Kf2 {[%emt 0:00:02]} Nbd7 {[%emt 0:00:01]} 23. Ke3 {[%emt 0:00:03]} g6 {[%emt 0:00:01]} 24. Kd4 {[%emt 0:00:01]} Kf7 {[%emt 0:00:02]} 25. c5 {[%emt 0:00:00]} Ke7 {[%emt 0:00:01]} 26. Bc4 {[%emt 0:00:01]} Nf8 {[%emt 0:00:01]} 27. Ke3 {[%emt 0:00:02]} g5 {[%emt 0:00:02]} 28. g3 {[%emt 0:00:03]} Ng6 {[%emt 0:00:00]} 29. Bb3 {[%emt 0:00:02]} Ne5 {[%emt 0:00:01]} 30. Ne2 {[%emt 0:00:01]} Nd3 {[%emt 0:00:02]} 31. Nd4 {[%emt 0:00:01]} f4+ {[%emt 0:00:02]} 32. gxf4 {[%emt 0:00:02]} gxf4+ {[%emt 0:00:00]} 33. Ke2 {[%emt 0:00:00]} Ng4 {[%emt 0:00:04]} 34. Nf5+ {[%emt 0:00:02]} Kf6 {[%emt 0:00:01]} 35. Nd4 {[%emt 0:00:01]} Ke5 {[%emt 0:00:01]} 36. Rxd3 {[%emt 0:00:01]} exd3+ {[%emt 0:00:01]} 37. Kxd3 {[%emt 0:00:00]} Nf2+ {[%emt 0:00:01]} 38. Kc3 {[%emt 0:00:01]} Ne4+ {[%emt 0:00:03]} 39. Kd3 {[%emt 0:00:01]} Nf2+ {[%emt 0:00:01]} 40. Kc3 {[%emt 0:00:01]} Rg8 {[%emt 0:00:04]} 41. Nf3+ {[%emt 0:00:01]} Kf6 {[%emt 0:00:01]} 42. d6 {[%emt 0:00:00]} Rg7 {[%emt 0:00:03]} 43. Kd4 {[%emt 0:00:02]} cxd6 {[%emt 0:00:01]} 44. cxd6 {[%emt 0:00:00]} Rd7 {[%emt 0:00:01]} 45. Kc5 {[%emt 0:00:00]} Ne4+ {[%emt 0:00:01]} 46. Kb6 {[%emt 0:00:01]} Rxd6+ {[%emt 0:00:00]} 47. Kxb7 {[%emt 0:00:00]} Nd2 {[%emt 0:00:00]} 48. Ba4 {[%emt 0:00:00]} Nxf3 {[%emt 0:00:01]} 49. b5 {[%emt 0:00:00]} axb5 {[%emt 0:00:01]} 50. Bxb5 {[%emt 0:00:00]} Rd3 {[%emt 0:00:00]} 51. a4 {[%emt 0:00:00]} Rb3 {[%emt 0:00:01]} 52. a5 {[%emt 0:00:00]} Rxb5+ {[%emt 0:00:01]} 53. Ka6 {[%emt 0:00:00]} Rxa5+ {[%emt 0:00:00]} 54. Kxa5 {[%emt 0:00:01]} Nxh2 {[%emt 0:00:00]} 55. Kb4 {[%emt 0:00:00]} f3 {[%emt 0:00:00]} 56. Kc3 {[%emt 0:00:00]} f2 {[%emt 0:00:00]} 57. Kc4 {[%emt 0:00:00]} f1=Q+ {[%emt 0:00:00]} 58. Kc5 {[%emt 0:00:03]} Qe2 {[%emt 0:00:00]} 59. Kb4 {[%emt 0:00:00]} Nf3 {[%emt 0:00:00]} 60. Kc3 {[%emt 0:00:00]} Qd2+ {[%emt 0:00:00]} 61. Kb3 {[%emt 0:00:00] Czas partii} 1/2-1/2

[Event "Stay Safe Play From Home 263"]
[Site "Emanuel Lasker Arena"]
[Date "2020.06.29"]
[Round "2"]
[White "Fischer_11"]
[Black "Trotsky"]
[Result "1-0"]
[WhiteElo "1905"]
[BlackElo "1611"]
[Annotator "NA"]
[PlyCount "49"]
[EventDate "2020.06.29"]
[EventType "swiss (blitz)"]

1. e4 {[%emt 0:00:03]} c5 {[%emt 0:00:01]} 2. c3 {[%emt 0:00:00]} e6 {[%emt 0:00:00]} 3. d4 {[%emt 0:00:00]} d5 {[%emt 0:00:01]} 4. exd5 {[%emt 0:00:00]} exd5 {[%emt 0:00:02]} 5. Be3 {[%emt 0:00:00]} c4 {[%emt 0:00:01]} 6. b3 {[%emt 0:00:00]} Be6 {[%emt 0:00:01]} 7. bxc4 {[%emt 0:00:01]} Nf6 {[%emt 0:00:02]} 8. Nd2 {[%emt 0:00:01]} Nc6 {[%emt 0:00:01]} 9. cxd5 {[%emt 0:00:01]} Bxd5 {[%emt 0:00:01]} 10. c4 {[%emt 0:00:00]} Be4 {[%emt 0:00:04]} 11. Ngf3 {[%emt 0:00:03]} Qc8 {[%emt 0:00:02]} 12. Nxe4 {[%emt 0:00:01]} Nxe4 {[%emt 0:00:02]} 13. Bd3 {[%emt 0:00:01]} Nf6 {[%emt 0:00:01]} 14. O-O {[%emt 0:00:01]} Qc7 {[%emt 0:00:01]} 15. d5 {[%emt 0:00:01]} Ne5 {[%emt 0:00:04]} 16. Be2 {[%emt 0:00:03]} Neg4 {[%emt 0:00:05]} 17. Bd4 {[%emt 0:00:04]} Bd6 {[%emt 0:00:05]} 18. h3 {[%emt 0:00:02]} O-O-O {[%emt 0:00:02]} 19. c5 {[%emt 0:00:03]} Bh2+ {[%emt 0:00:03]} 20. Kh1 {[%emt 0:00:02]} h5 {[%emt 0:00:01]} 21. d6 {[%emt 0:00:01]} Bxd6 {[%emt 0:00:03]} 22. cxd6 {[%emt 0:00:01]} Qxd6 {[%emt 0:00:01]} 23. Rc1+ {[%emt 0:00:03]} Kb8 {[%emt 0:00:01]} 24. Qa4 {[%emt 0:00:02]} Rd7 {[%emt 0:00:09]} 25. Qxa7# {[%emt 0:00:05] (Lag: Av=0.24s, max=0.4s)} 1-0

[Event "Stay Safe Play From Home 263"]
[Site "Emanuel Lasker Arena"]
[Date "2020.06.29"]
[Round "2"]
[White "Bishop91"]
[Black "Bardellosport"]
[Result "1-0"]
[WhiteElo "1715"]
[BlackElo "2005"]
[Annotator "NA"]
[PlyCount "99"]
[EventDate "2020.06.29"]
[EventType "swiss (blitz)"]

1. d4 {[%emt 0:00:01]} g6 {[%emt 0:00:02]} 2. c4 {[%emt 0:00:00]} Bg7 {[%emt 0:00:00]} 3. Nf3 {[%emt 0:00:00]} b6 {[%emt 0:00:01]} 4. e3 {[%emt 0:00:00]} Bb7 {[%emt 0:00:00]} 5. Be2 {[%emt 0:00:00]} e6 {[%emt 0:00:01]} 6. O-O {[%emt 0:00:01]} d6 {[%emt 0:00:00]} 7. Re1 {[%emt 0:00:01]} Nd7 {[%emt 0:00:01]} 8. Nc3 {[%emt 0:00:00]} Ne7 {[%emt 0:00:01]} 9. d5 {[%emt 0:00:01]} e5 {[%emt 0:00:01]} 10. e4 {[%emt 0:00:01]} O-O {[%emt 0:00:00]} 11. Be3 {[%emt 0:00:02]} f5 {[%emt 0:00:00]} 12. exf5 {[%emt 0:00:01]} gxf5 {[%emt 0:00:01]} 13. Ng5 {[%emt 0:00:04]} Rf6 {[%emt 0:00:03]} 14. Ne6 {[%emt 0:00:01]} Qc8 {[%emt 0:00:01]} 15. Bg5 {[%emt 0:00:02]} Rg6 {[%emt 0:00:02]} 16. Bh5 {[%emt 0:00:02]} Nf8 {[%emt 0:00:02]} 17. Bxg6 {[%emt 0:00:02]} hxg6 {[%emt 0:00:00]} 18. Bxe7 {[%emt 0:00:01]} Nxe6 {[%emt 0:00:01]} 19. dxe6 {[%emt 0:00:01]} Qxe6 {[%emt 0:00:01]} 20. Bg5 {[%emt 0:00:01]} e4 {[%emt 0:00:01]} 21. Nd5 {[%emt 0:00:01]} Bxd5 {[%emt 0:00:01]} 22. Qxd5 {[%emt 0:00:01]} Qxd5 {[%emt 0:00:01]} 23. cxd5 {[%emt 0:00:00]} Rc8 {[%emt 0:00:00]} 24. Rac1 {[%emt 0:00:01]} Bxb2 {[%emt 0:00:01]} 25. Rc6 {[%emt 0:00:01]} Bd4 {[%emt 0:00:01]} 26. Re2 {[%emt 0:00:01]} Bc5 {[%emt 0:00:01]} 27. Be3 {[%emt 0:00:01]} Rd8 {[%emt 0:00:02]} 28. Bxc5 {[%emt 0:00:01]} dxc5 {[%emt 0:00:00]} 29. Rd2 {[%emt 0:00:01]} Rd7 {[%emt 0:00:01]} 30. Kf1 {[%emt 0:00:00]} Kf7 {[%emt 0:00:01]} 31. Ke2 {[%emt 0:00:00]} Ke7 {[%emt 0:00:01]} 32. Ke3 {[%emt 0:00:00]} a6 {[%emt 0:00:00]} 33. Kf4 {[%emt 0:00:01]} b5 {[%emt 0:00:01]} 34. Ke5 {[%emt 0:00:01]} c4 {[%emt 0:00:02]} 35. Rxa6 {[%emt 0:00:01]} b4 {[%emt 0:00:01]} 36. Rc6 {[%emt 0:00:01]} c3 {[%emt 0:00:01]} 37. Rc2 {[%emt 0:00:00]} Rd8 {[%emt 0:00:01]} 38. Rxc7+ {[%emt 0:00:01]} Ke8 {[%emt 0:00:01]} 39. Ke6 {[%emt 0:00:01]} Ra8 {[%emt 0:00:01]} 40. d6 {[%emt 0:00:01]} Kf8 {[%emt 0:00:02]} 41. Rf7+ {[%emt 0:00:01]} Ke8 {[%emt 0:00:01]} 42. d7+ {[%emt 0:00:01]} Kd8 {[%emt 0:00:02]} 43. Rf8+ {[%emt 0:00:00]} Kc7 {[%emt 0:00:00]} 44. Rxa8 {[%emt 0:00:01]} b3 {[%emt 0:00:00]} 45. d8=Q+ {[%emt 0:00:00]} Kc6 {[%emt 0:00:02]} 46. Rb8 {[%emt 0:00:00]} Kc5 {[%emt 0:00:01]} 47. Qd6+ {[%emt 0:00:00]} Kc4 {[%emt 0:00:01]} 48. Rc8+ {[%emt 0:00:01]} Kb5 {[%emt 0:00:02]} 49. Qc5+ {[%emt 0:00:01]} Ka4 {[%emt 0:00:01]} 50. Ra8# {[%emt 0:00:01] (Lag: Av=0.23s, max=0.5s)} 1-0

[Event "Stay Safe Play From Home 263"]
[Site "Emanuel Lasker Arena"]
[Date "2020.06.29"]
[Round "2"]
[White "Edmatuag"]
[Black "NeatFox"]
[Result "0-1"]
[WhiteElo "1699"]
[BlackElo "1854"]
[Annotator "NA"]
[PlyCount "60"]
[EventDate "2020.06.29"]
[EventType "swiss (blitz)"]

1. e4 {[%emt 0:00:01]} e5 {[%emt 0:00:01]} 2. Nf3 {[%emt 0:00:02]} Nc6 {[%emt 0:00:00]} 3. Bb5 {[%emt 0:00:01]} d6 {[%emt 0:00:00]} 4. d4 {[%emt 0:00:02]} exd4 {[%emt 0:00:01]} 5. Nxd4 {[%emt 0:00:00]} Bd7 {[%emt 0:00:01]} 6. O-O {[%emt 0:00:03]} Nxd4 {[%emt 0:00:01]} 7. Bxd7+ {[%emt 0:00:02]} Qxd7 {[%emt 0:00:00]} 8. Qxd4 {[%emt 0:00:01]} Nf6 {[%emt 0:00:01]} 9. e5 {[%emt 0:00:01]} dxe5 {[%emt 0:00:02]} 10. Qxe5+ {[%emt 0:00:01]} Be7 {[%emt 0:00:02]} 11. Re1 {[%emt 0:00:01]} Kf8 {[%emt 0:00:01]} 12. Bg5 {[%emt 0:00:03]} Re8 {[%emt 0:00:02]} 13. Nc3 {[%emt 0:00:02]} Bd6 {[%emt 0:00:01]} 14. Qa5 {[%emt 0:00:07]} a6 {[%emt 0:00:03]} 15. Rxe8+ {[%emt 0:00:02]} Nxe8 {[%emt 0:00:01]} 16. Be3 {[%emt 0:00:06]} f6 {[%emt 0:00:01]} 17. Rd1 {[%emt 0:00:05]} g6 {[%emt 0:00:04]} 18. Bc5 {[%emt 0:00:04]} Kg7 {[%emt 0:00:02]} 19. Bxd6 {[%emt 0:00:01]} Nxd6 {[%emt 0:00:01]} 20. Qd5 {[%emt 0:00:01]} Re8 {[%emt 0:00:03]} 21. h3 {[%emt 0:00:01]} Re5 {[%emt 0:00:02]} 22. Qd2 {[%emt 0:00:02]} Qe7 {[%emt 0:00:01]} 23. Nd5 {[%emt 0:00:02]} Qf7 {[%emt 0:00:03]} 24. Ne3 {[%emt 0:00:01]} Nf5 {[%emt 0:00:02]} 25. Qd7 {[%emt 0:00:02]} Re7 {[%emt 0:00:02]} 26. Qd3 {[%emt 0:00:02]} Nxe3 {[%emt 0:00:01]} 27. Qb3 {[%emt 0:00:00]} Nxd1 {[%emt 0:00:02]} 28. Qxf7+ {[%emt 0:00:02]} Rxf7 {[%emt 0:00:01]} 29. b3 {[%emt 0:00:00]} Nb2 {[%emt 0:00:01]} 30. c4 {[%emt 0:00:00] Edmatuag resigns (Lag: Av=0.44s, max=0.8s)} Rd7 {[%emt 0:00:01]} 0-1

[Event "Stay Safe Play From Home 263"]
[Site "Emanuel Lasker Arena"]
[Date "2020.06.29"]
[Round "2"]
[White "Justwatch"]
[Black "Tolka"]
[Result "0-1"]
[WhiteElo "1647"]
[BlackElo "2295"]
[Annotator "TA"]
[PlyCount "26"]
[EventDate "2020.06.29"]
[EventType "swiss (blitz)"]

{[%evp 9,26,0,8,-58,-26,-91,-84,-97,-33,-30,-27,-142,-139,-170,-158,-525,-410,-410,-414]} 1. e4 d6 2. e5 Nf6 3. exd6 exd6 4. Nf3 Be7 5. Nc3 O-O 6. Bc4 {[#] B07: Pirc Defence: Miscellaneous Systems.} (6. d4 $11) 6... Bg4 $146 ({Predecessor:} 6... d5 7. Bb3 c5 8. d4 c4 9. Ba4 a6 10. b4 Bxb4 11. Qd2 Qe7+ 12. Kf1 Ne4 13. Nxd5 Nxd2+ 14. Bxd2 {0-1 (22) Al Hammadi,F (1501)-Shamieh,J (2069) Sharjah 2014}) 7. d3 (7. h3 $11 {keeps the balance.} Bxf3 8. Qxf3) 7... Nc6 8. h3 {[#]Black is better.} Bh5 ({Better is} 8... Bxf3 $1 $17 9. Qxf3 Nd4) 9. g4 $15 Bg6 10. g5 (10. Bb3 $11 {remains equal.}) 10... Nd7 $17 11. Bf4 Bh5 {aiming for ...Nd4!} 12. Bb3 $2 {[#]} (12. d4 $17) 12... Nde5 13. Bxe5 Nxe5 {Accuracy: White = 18%, Black = 63%.} 0-1